000 00641cam a22002053a 4500
001 39286
003 PGUSA
005 20140828083855.0
008 120328s2012||||xxu|||||s|||||000 | eng d
040 _aPGUSA
_beng
042 _adc
100 1 _aHoward, Frank
245 1 0 _aColour as a Means of Art :
_bBeing an Adaption of the Experience of Professors to the Practice of Amatures
_h[electronic resource] /
_cFrank Howard
260 _bProject Gutenberg,
_c2012
506 _aPublic domain in the USA.
516 _aElectronic text
830 0 _aProject Gutenberg
_v39286
856 4 0 _uhttp://www.gutenberg.org/ebooks/39286
942 _cEB
999 _c268539
_d268539